000 00651nam a2200181 a 4500
001 000025768
005 20200930024032.0
008 110222s2000 dr acd 000 0 spa d
020 _a9993401102
040 _aDO-SdBNP
_bspa
_cBNPHU
110 2 _aRepública Dominicana
_bDirección Nacional de Parques
_952568
245 3 _aEl Lago Enriquillo :
_bpatrimonio natural y cultural del Caribe /
_cAndreas Schubert ; prólogo Omar Ramírez Tejada.
260 _aSanto Domingo :
_bBanco Central,
_c2000.
300 _a50 p. :
_bil., map., retrs. ;
_c23 cm.
504 _aBibliografía: p. 50
700 1 _aRamírez Tejada, Omar
_epról.
_952569
049 _aBNPD
999 _c25260
_d25260